WNBA Top 25 All-Time: Steals - Statistics

General Stats
  • This quiz has been taken 10 times
    6 since last reset
  • The average score is 11 of 25
Answer Stats
# Player Steals % Correct
19 Alyssa Thomas 507
100%
12 DeWanna Bonner 613
100%
18 Diana Taurasi 518
100%
22 Lisa Leslie 492
100%
3 Sue Bird 725
100%
17 Candace Parker 523
80%
15 Courtney Vandersloot 544
60%
T6 Nneka Ogwumike 634
60%
25 Becky Hammon 488
40%
11 DeLisha Milton-Jones 619
40%
20 Lindsay Whalen 501
40%
5 Sheryl Swoopes 657
40%
T23 Sylvia Fowles 490
40%
1 Tamika Catchings 1,074
40%
4 Alana Beard 709
20%
10 Katie Douglas 623
20%
8 Sancho Lyttle 630
20%
21 Shannon Johnson 494
20%
2 Ticha Penicheiro 764
20%
16 Yolanda Griffith 529
20%
9 Angel McCoughtry 627
0%
T6 Jia Perkins 634
0%
T23 Nykesha Sales 490
0%
13 Taj McWilliams-Franklin 580
0%
14 Tully Bevilaqua 573
0%
No matching quizzes found
Score Distribution
Percent of People with Each Score
Percentile by Number Answered
Your Score History
You have not taken this quiz since the last reset